Organización industrial

Bibliographic Details
Main Author: Bain, Joe S.
Format: Section = Libro
Language:Undetermined
Spanish
Published: Barcelona Omega 1963
Subjects:
LEADER 00421nam a2200169Ia 4500
008 240829s9999 xx 000 0 und d
040 |a BIBLIOTECA-RUPAP 338 B162 
041 |a spa 
082 |a 338 B162 
100 1 |a Bain, Joe S. 
245 1 0 |a Organización industrial 
260 |a Barcelona  |b Omega  |c 1963 
300 |a 684 p. :il. 
650 7 |a INDUSTRIA-ORGANIZACION. I. Tít. 
942 |c BK  |2 ddc 
991 |a TEXTO 
999 |c 7603